000 00741nam a22002057a 4500
005 20100802164748.0
010 _aENG-97805
020 _a9788120340138
_c150.00
035 _aEN-81338
037 _bDBAD/PUB
082 _a005.265
100 _aWadhwa, Ajay
_94617
245 _aMicroprocessor 8085 :
_barchitecture, programming and interfacing /
_cby Ajay Wadhwa
260 _aNew Delhi
_bPHI Learning
_c2010
270 _aM-97, Connaught Circus
_bNew Delhi
_e110001
300 _aix, 162p.:
_bill.
_c24cm (pbk)
500 _aincludes index
942 _2ddc
_cEN
_h005.265
_mWAD
999 _c38812
_d38812